000 00811nam a2200265Ia 4500
003 OSt
005 20221006150935.0
006 a|||||r|||| 00| 0
007 ta
008 221006b |||||||| |||| 00| 0 jpn d
020 _c¥4500
024 _a20,289
037 _bGift, Japan Foundation
_cTextual
040 _aEASL
_cEASL
_bjpn
041 _2jpn
_ajpn
082 _aX:326.42.N20, M3
100 _aSEN KYU HYAKUNIJYU NEN DAISHI KANKYU KAI Ed.
_9657982
245 0 _aSenkyu hyaku nijyu nendai no nihon shihon shugi
260 _aTokyo
_bTokyo Daigaku Shuppan Kai Japan
_c1983
300 _a423p.
_ccm.
490 _v JL
650 _aJL
942 _hX:326.42.N20, M3
_cTEXL
_2CC
999 _c1088375
_d1088375